QUEST Central Library Banner

Islam As An Ethical and A Political (Record no. 65008)

MARC details
000 -LEADER
fixed length control field 00287nam a22001217a 4500
082 ## - DEWEY DECIMAL CLASSIFICATION NUMBER
Classification number 297.5
100 ## - MAIN ENTRY--AUTHOR NAME
Personal name S. Y. Hashimy
245 ## - TITLE STATEMENT
Title Islam As An Ethical and A Political
250 ## - EDITION STATEMENT
Edition statement second editioon
260 ## - PUBLICATION, DISTRIBUTION, ETC. (IMPRINT)
Place of publication Lahore
Name of publisher Islamic Book Service
Year of publication 1977
300 ## - PHYSICAL DESCRIPTION
Number of Pages 117 p.
942 ## - ADDED ENTRY ELEMENTS (KOHA)
Koha item type Books
Holdings
Withdrawn status Lost status Home library Current library Date acquired Full call number Accession Number Koha item type
    Reference Section Reference Section 03/07/2019 297.5 (Shelf -19C) R9485 Books

Copyright © 2018,The QUEST, Nawabshah, Shaheed Benazirabad. All rights reserved
Mr. G. Farooq Channar (Librarian) QUEST, Nawabshah, Sindh, Pakistan 67480.
 Ph#: |   0244-9370381-4 Ext. 2308   Email| lib@quest.edu.pk   Web|  http://www.quest.edu.pk